Political Top-Level Domains - Statistics

General Stats
  • This quiz has been taken 5 times
  • The average score is 69 of 252
Answer Stats
Hint Entity Answer % Correct
.al Country Albania
75%
.au Country Australia
75%
.at Country Austria
75%
.kz Country Kazakhstan
75%
.uk Country United Kingdom
75%
.zw Country Zimbabwe
75%
.af Country Afghanistan
50%
.ad Country Andorra
50%
.aq Continent Antarctica
50%
.ar Country Argentina
50%
.az Country Azerbaijan
50%
.ca Country Canada
50%
.co Country Colombia
50%
.cu Country Cuba
50%
.cy Country Cyprus
50%
.cz Country Czech Republic
50%
.dk Country Denmark
50%
.dj Country Djibouti
50%
.do Country Dominican Republic
50%
.eg Country Egypt
50%
.ee Country Estonia
50%
.eu Political organization European Union
50%
.fm Country Federated States of Micronesia
50%
.fj Country Fiji
50%
.fi Country Finland
50%
.fr Country France
50%
.de Country Germany
50%
.gh Country Ghana
50%
.gb Country (alternate) Great Britain (United Kingdom)
50%
.gr Country Greece
50%
.hu Country Hungary
50%
.is Country Iceland
50%
.ir Country Iran
50%
.ie Country Ireland
50%
.il Country Israel
50%
.it Country Italy
50%
.jm Country Jamaica
50%
.jp Country Japan
50%
.ke Country Kenya
50%
.la Country Laos
50%
.lv Country Latvia
50%
.lb Country Lebanon
50%
.lt Country Lithuania
50%
.lu Country Luxembourg
50%
.mx Country Mexico
50%
.mc Country Monaco
50%
.mn Country Mongolia
50%
.me Country Montenegro
50%
.mm Country Myanmar
50%
.nr Country Nauru
50%
.nl country Netherlands
50%
.nz Country New Zealand
50%
.no Country Norway
50%
.om Country Oman
50%
.pk Country Pakistan
50%
.py Country Paraguay
50%
.ph Country Philippines
50%
.pl Country Poland
50%
.pt Country Portugal
50%
.qa Country Qatar
50%
.ro Country Romania
50%
.ru Country Russia
50%
.rw Country Rwanda
50%
.sa Country Saudi Arabia
50%
.sk Country Slovakia
50%
.si Country Slovenia
50%
.za Country South Africa
50%
.es Country Spain
50%
.sy Country Syria
50%
.tz Country Tanzania
50%
.th Country Thailand
50%
.tv Country Tuvalu
50%
.ug Country Uganda
50%
.us Country United States
50%
.uy Country Uruguay
50%
.uz Country Uzbekistan
50%
.vn Country Vietnam
50%
.ye Country Yemen
50%
.zm Country Zambia
50%
.ax Autonomous region Åland
25%
.dz Country Algeria
25%
.ao Country Angola
25%
.ai Overseas territory Anguilla
25%
.am Country Armenia
25%
.aw Constituent country Aruba
25%
.ac Territory Ascension Island
25%
.bs Country Bahamas
25%
.bh Country Bahrain
25%
.bb Country Barbados
25%
.by Country Belarus
25%
.be Country Belgium
25%
.bz Country Belize
25%
.bj Country Benin
25%
.bo Country Bolivia
25%
.bw Country Botswana
25%
.bv† Dependency Bouvet Island
25%
.br Country Brazil
25%
.io Overseas Territory British Indian Ocean Territory
25%
.bg Country Bulgaria
25%
.kh Country Cambodia
25%
.cv Country Cape Verde
25%
.bq Dependencies Caribbean Netherlands
25%
.ky Overseas territory Cayman Islands
25%
.cf Country Central African Republic
25%
.td Country Chad
25%
.cl Country Chile
25%
.cn Country China
25%
.cx External territory Christmas Island
25%
.cc External territory Cocos (Keeling) Islands
25%
.ck Autonomous region Cook Islands
25%
.cr Country Costa Rica
25%
.hr Country Croatia
25%
.cd Country Democratic Republic of the Congo
25%
.dm Country Dominica
25%
.ec Country Ecuador
25%
.gq Country Equatorial Guinea
25%
.er Country Eritrea
25%
.sz Country Eswatini
25%
.et Country Ethiopia
25%
.fk Overseas territory Falkland Islands
25%
.fo Self-governing territory Faroe Islands
25%
.gf Overseas department French Guiana
25%
.pf Overseas collectivity French Polynesia
25%
.ga Country Gabon
25%
.ge Country Georgia
25%
.gi Overseas territory Gibraltar
25%
.gl Self-governing territory Greenland
25%
.gp Overseas department Guadeloupe
25%
.gg Crown dependency Guernsey
25%
.gn Country Guinea
25%
.gw Country Guinea-Bissau
25%
.gy Country Guyana
25%
.hn Country Honduras
25%
.hk Autonomous region Hong Kong
25%
.in Country India
25%
.id Country Indonesia
25%
.iq Country Iraq
25%
.im Crown dependency Isle of Man
25%
.je Crown dependency Jersey
25%
.jo Country Jordan
25%
.ki Country Kiribati
25%
.xk* Unrecognized country Kosovo
25%
.kw Country Kuwait
25%
.kg Country Kyrgyzstan
25%
.lr Country Liberia
25%
.ly Country Libya
25%
.li Country Liechtenstein
25%
.mo Autonomous region Macau
25%
.my Country Malaysia
25%
.ml Country Mali
25%
.mq Overseas department Martinique
25%
.yt Overseas department Mayotte
25%
.md Country Moldova
25%
.ma Country Morocco
25%
.mz Country Mozambique
25%
.np country Nepal
25%
.nc Sui generis collectivity New Caledonia
25%
.ni Country Nicaragua
25%
.nu Autonomous region Niue
25%
.mk Country North Macedonia
25%
.pw Country Palau
25%
.ps Unrecognized country Palestine
25%
.pa Country Panama
25%
.pg Country Papua New Guinea
25%
.pe Country Peru
25%
.cg Country Republic of the Congo
25%
.re Overseas department Réunion
25%
.mf† Overseas collectivity Saint Martin
25%
.ws Country Samoa
25%
.sm Country San Marino
25%
.rs Country Serbia
25%
.sx Constituent country Sint Maarten
25%
.so Country Somalia
25%
.ss Country South Sudan
25%
.su Former country Soviet Union
25%
.sd Country Sudan
25%
.sj† Dependencies Svalbard and Jan Mayen
25%
.se Country Sweden
25%
.ch Country Switzerland
25%
.tw Unrecognized country Taiwan
25%
.tj Country Tajikistan
25%
.tr Country Turkey
25%
.ua Country Ukraine
25%
.ae Country United Arab Emirates
25%
.um Territory U.S. Minor Outlying Islands
25%
.vu Country Vanuatu
25%
.va Unrecognized country Vatican City
25%
.ve Country Venezuela
25%
.wf Overseas collectivity Wallis and Futuna Islands
25%
.eh Unrecognized state Western Sahara
25%
.as Territory American Samoa
0%
.ag Country Antigua and Barbuda
0%
.bd Country Bangladesh
0%
.bm Overseas territory Bermuda
0%
.bt Country Bhutan
0%
.ba Country Bosnia and Herzegovina
0%
.vg Overseas territory British Virgin Islands
0%
.bn Country Brunei
0%
.bf Country Burkina Faso
0%
.bi Country Burundi
0%
.cm Country Cameroon
0%
.km Country Comoros
0%
.tl Country East Timor
0%
.sv Country El Salvador
0%
.tf Overseas territory French Southern and AntarcticLands
0%
.gm Country Gambia
0%
.gd Country Grenada
0%
.gt Country Guatemala
0%
.ht Country Haiti
0%
.hm Overseas territory Heard Island and McDonaldIslands
0%
.ci Country Ivory Coast
0%
.ls Country Lesotho
0%
.mg Country Madagascar
0%
.mw Country Malawi
0%
.mv Country Maldives
0%
.mt Country Malta
0%
.mh Country Marshall Islands
0%
.mr Country Mauritania
0%
.mu Country Mauritius
0%
.ms Overseas territory Montserrat
0%
.na Country Namibia
0%
.ne Country Niger
0%
.ng Country Nigeria
0%
.nf External territory Norfolk Island
0%
.mp Territory Northern Mariana Islands
0%
.kp Country North Korea
0%
.pn Overseas territory Pitcairn Island
0%
.pr Territory Puerto Rico
0%
.bl† Overseas collectivity Saint Barthélemy
0%
.sh Overseas territory Saint Helena, Ascension, andTristan da Cunha
0%
.kn Country Saint Kitts and Nevis
0%
.lc Country Saint Lucia
0%
.pm Overseas collectivity Saint-Pierre and Miquelon
0%
.vc Country Saint Vincent and the Grenadines
0%
.st Country São Tomé and Príncipe
0%
.sn Country Senegal
0%
.sc Country Seychelles
0%
.sl Country Sierra Leone
0%
.sg Country Singapore
0%
.sb Country Solomon Islands
0%
.gs Overseas territory South Georgia and theSouth Sandwich Islands
0%
.kr Country South Korea
0%
.lk Country Sri Lanka
0%
.sr Country Suriname
0%
.tg Country Togo
0%
.tk Dependent territory Tokelau
0%
.to Country Tonga
0%
.tt Country Trinidad and Tobago
0%
.tn Country Tunisia
0%
.tm Country Turkmenistan
0%
.tc Overseas territories Turks and Caicos Islands
0%
.vi Territory U.S. Virgin Islands
0%
No matching quizzes found
Score Distribution
Percent of People with Each Score
Percentile by Number Answered
Your Score History
You have not taken this quiz